000 10675cam a22019214i 4500
001 u20212
003 PE-LiUPU
005 20250813165429.0
008 150528s2013 ck a rb 001 0 spa d
020 _a9789588726120
035 _a(Sirsi) i9789588726120
040 _aPE-LiUPU
_bspa
_cPE-LiUPU
_erda
049 _aPRUA
082 0 4 _a628.44564
_bC72
100 1 _aCollazos Peñaloza, Héctor,
_eautor.
245 1 0 _aDiseño y operación de rellenos sanitarios /
_cHéctor Collazos Peñaloza.
250 _aCuarta edición.
264 1 _aBogotá :
_bEscuela Colombiana de Ingeniería,
_c2013.
300 _a1 CD-ROM
300 _a280 páginas :
_bilustraciones ;
_c25 centímetros
336 _atext
_2rdacontent
337 _aunmediated
_2rdamedia
338 _avolume
_2rdacarrier
490 0 _aCivil
504 _aBibliografía : páginas 267-270.
504 _aÍndices : páginas 271-280.
505 0 _aInformación Básica -- Población que se atenderá en el relleno sanitario -- Información sobre la población que se atenderá con el relleno sanitario -- Cantidad de basura producida por la población atendida -- Producción futura de basura con un horizonte mínimo de 30 años -- Cantidad de basura recolectada -- Cobertura del servicio -- Composición física de la basura -- Composición química de la basura -- Generación domestica de residuos peligrosos -- Peso volumétrico de la basura -- Producción de lixiviados y gases -- Localización general del sitio -- Geología general -- Hidrogeología del área -- Topografía del área -- Meteorología de la región -- Posibilidad de material cobertura -- Censo vehicular (viajes de basura que entraran al relleno sanitario) -- Títulos de propiedad del terreno -- Posible aceptación o rechazo de la comunidad vecino -- Localización del sitio para un relleno sanitario -- Introducción -- Condiciones del sitio para relleno sanitario -- Ubicación del sitio -- Orden de elegibilidad -- Decreto 838 de 2005 -- Diseño -- Definición de relleno sanitario -- Tipos de relleno sanitario -- Tipo área -- Tipo rampa -- Tipo trinchera -- Tipo combinado área y rampa -- Descripción general de un relleno sanitario -- Zona de entrada y de salida -- Sistema vial -- Playa de descargue -- Descargue de lixiviados -- Celda diaria -- Basura -- Otras obras -- Diseño -- Obras de adecuación -- Valla de información -- Cerramiento -- Puerta -- Bascula -- Casa de registro -- Oficina de administración -- Bodega y talleres de mantenimiento -- Canales para aguas de escorrentía -- Descapote -- Impermeabilización -- Sistema vial -- Manejo de lixiviados -- Manejo de gases -- Material de cobertura -- Celda de basura -- De abajo hacia arriba -- De arriba hacia abajo -- Calculo de cantidades de obra y costos -- Estudio de impacto ambiental -- Equipos e instrumentación -- Generalidades -- Comunicación -- Cámaras de video -- Computo -- Básculas -- Topografía -- Equipos para control de estabilidad -- Equipos para control ambiental -- Control de aguas -- Control del aire -- Control del ruido -- Control de olores -- Talleres de mecánica -- Control de velocidad -- Equipos para controlar la compactación de la basura -- Control de incendios -- Enfermería -- Meteorología -- Recomendación -- Centroide de producción de basuras -- Operación -- Vigilancia -- Registro -- Playa de descargue -- Controles -- Control de lixiviados -- Control de gases -- Control de estabilidad -- Control de hundimientos -- Control de aguas lluvias -- Control de incendios -- Control de olores -- Control de insectos y roedores -- Control de plásticos y papeles -- Seguimiento de monitoreo -- Monitoreo de lixiviados -- Monitoreo de aguas subterráneas y superficiales -- Monitoreo de gases -- Monitoreo de compactación -- Monitoreo de piezómetros -- Monitoreo de inclinómetros -- Recursos humanos -- Manual de funciones -- Jefe de disposición final -- Ingeniero residente -- Registrador -- Comisión de topografía -- Supervisor -- Operadores de maquina -- Auxiliares -- Vigilantes -- Maquinaria -- Reglamento -- Definición de términos -- Normas generales del relleno sanitario -- Normas de ingreso de vehículos y personal diferentes de los que laboran en el relleno sanitario -- Normas de registro -- Normas para la utilización de vías internas del relleno sanitario -- Procedimiento de descargue -- Normas técnicas -- Normas para el personal -- Normas para maquinaria y equipo -- Clausura del relleno sanitario -- Uso futuro -- Producción y manejo de gases y lixiviados -- Cantidades de gases y lixiviados de descomposición -- Dinámica de la generación de los gases y lixiviados de descomposición -- Lixiviados por percolación -- Calculo de cantidades de gases y lixiviados -- Corenostós -- Funcionamiento del modelo -- Resultados -- Visión rápida para práctica del modelo -- Manejo de los gases en el relleno sanitario -- Manejo de los lixiviados en un relleno sanitario -- Tratamiento de los lixiviados en un relleno sanitario -- Evaporación -- Dilución -- Recirculación -- Tratamiento químico -- Tratamiento físico -- Análisis de costos -- Generalidades -- Análisis de costos -- Costos de inversión -- Costos de operación y mantenimiento -- Saneamiento de los botaderos de basura -- Introducción -- El problema -- Definición -- Información básica -- Control de incendios -- Introducción al tema -- Como apagar los pequeños incendios -- Como apagar los grandes incendios -- Diseño -- Información previa -- Servicio de vigilancia -- Cerco y puerta -- Caseta de control -- Recolección de lixiviados -- Manejo de lixiviados -- Manejo de gases -- Muros de contención -- Control de aguas lluvias -- Control de animales grande -- Control de insectos y roedores -- Control de papeles y plásticos -- Control de olores -- Control de recuperadores -- Vías de acceso -- Diseño de la celda diaria -- Recuperación edáfica -- Conversión a relleno sanitario -- Recursos humanos y equipos -- Costos -- Indicadores de gestión -- Indicadores técnicos -- Entrada diaria de vehículos -- Cumplimientos de las normas de saneamiento ambiental -- Cobertura intermedia diaria (CD) -- Compactación -- Estabilidad -- Indicadores ambientales -- Eficiencia en el tratamiento de lixiviados -- Eficiencia sobre el control de la contaminación de las aguas subterráneas -- Concentración de metano -- Indicadores administrativos -- Burocracia de la empresa -- Rendimiento del combustible -- Indicadores económicos -- Ejecución presupuestal -- Costo por tonelada dispuesta -- Costo por habitante servido -- Ingreso por tonelada dispuesta -- Indicadores sociales -- Recicladores -- Quejas verificadas.
526 _aP203
526 _aP200
526 _aSEG65
526 _aSEG64
526 _aSEG63
526 _aSEG62
526 _aSEG61
526 _aSEG60
526 _aSEG59
526 _aSEG58
526 _aSEG57
526 _aSEG56
526 _aSEG55
526 _aSEG54
526 _aSEG53
526 _aSEG52
526 _aSEG51
526 _aSEG50
526 _aSEG49
526 _aSEG48
526 _aSEG47
526 _aSEG46
526 _aSEG24
526 _aSEG23
526 _aSEG22
526 _aSEG21
526 _aSEG20
526 _aSEG19
526 _aSEG18
526 _aSEG17
526 _aSEG16
526 _aSEG14
526 _aSEG13
526 _aSEG12
526 _aSEG11
526 _aSEG10
526 _aSEG09
526 _aSEG06
526 _aSEG05
526 _aSEG04
526 _aSEG03
526 _aSEG02
526 _aSEG68
526 _aSEG66
526 _aSEG45
526 _aSEG25
526 _aSEG01
526 _aP163
526 _aP162
526 _aP161
526 _aP160
526 _aP159
526 _aP158
526 _aP157
526 _aP156
526 _aP155
526 _aP154
526 _aP153
526 _aP152
526 _aP151
526 _aP150
526 _aP149
526 _aP142
526 _aP141
526 _aP140
526 _aP139
526 _aP138
526 _aP137
526 _aP132
526 _aP131
526 _aP130
526 _aP126
526 _aP125
526 _aP124
526 _aP123
526 _aP115
526 _aP122
526 _aP121
526 _aP116
526 _a P114
526 _aP112
526 _aP111
526 _aP104
526 _aP103
526 _aP102
526 _aP101
526 _aP100
526 _aP96
526 _aP95
526 _aP93
526 _aP92
526 _aP91
526 _aP88
526 _aP83
526 _aP82
526 _aP79
526 _aP78
526 _aP75
526 _aP74
526 _aP71
526 _aP69
526 _a P51
526 _aP49
526 _aP48
526 _aP47
526 _aP33
526 _aP31
526 _a P30
526 _aP29
526 _aP27
526 _aP26
526 _aP25
526 _aP24
526 _a P22
526 _aP10
526 _aP09
526 _a P08
526 _aP06
526 _aP05
526 _aP04
526 _aP01
541 _g043-0014406;
596 _a1 2
650 0 4 _aResiduos sólidos.
650 1 4 _aRellenos sanitarios.
910 _ardg
_bjck
_crdg
_d20150528
942 _2ddc
_cBOOK
994 _aC0
_bPEPRU
949 _a628 C72
_wDEWEY
_c1
_iFT02683
_d2018-4-16
_e2018-4-15
_lCCODEBUT1
_mBUT
_n1
_p30.85
_r0
_sY
_tBOOK
_u2016-5-30
_xINGENIERIA
_PP24
_0COMPRA
_o.STAFF. Colección General
949 _a628.44564 C72
_wDEWEY
_c1
_i71307
_e2017-5-14
_f2018-2-12
_g4
_lCCODEBUL1
_mBUL
_n6
_p30.85
_r0
_sY
_tBOOK
_u2015-5-28
_xINGENIERIA
_PP24
_0COMPRA
_o.STAFF. Colección General
949 _a628.44564 C72
_wDEWEY
_c2
_i73183
_e2017-5-11
_f2018-2-12
_g4
_lCCODEBUL1
_mBUL
_n8
_p30.85
_r0
_sY
_tBOOK
_u2016-5-24
_xINGENIERIA
_PP24
_0COMPRA
_o.STAFF. Colección general
999 _a628.44564 C72
_wDEWEY
_c20084
_i71307
_e2017-5-14
_f2021-11-9
_g7
_lCCODEBUL1
_mBUL
_n6
_p30.85
_r0
_sY
_tBOOK
_u2015-5-28
_xINGENIERIA
_PP24
_0COMPRA
_o.STAFF. Colección General
_d20084
999 _a628.44564 C72
_wDEWEY
_c2
_i73183
_e2017-5-11
_f2021-11-9
_g7
_lCCODEBUL1
_mBUL
_n8
_p30.85
_r0
_sY
_tBOOK
_u2016-5-24
_xINGENIERIA
_PP24
_0COMPRA
_o.STAFF. Colección general
999 _a628 C72
_wDEWEY
_c1
_iFT02683
_d2018-4-16
_e2018-4-15
_f2019-2-20
_g1
_lCCODEBUT1
_mBUT
_n1
_p30.85
_r0
_sY
_tBOOK
_u2016-5-30
_xINGENIERIA
_PP24
_0COMPRA
_o.STAFF. Colección General
980 _81
_gALBERTO SANCHEZ Responsable de Automatización